| 000 | 00409nam a2200145 a 4500 | ||
|---|---|---|---|
| 001 | 000041424 | ||
| 005 | 20201002034858.0 | ||
| 008 | 131003s1982 xxu 000 0 eng d | ||
| 040 |
_aDO-SdBNP _beng _cBNPHU |
||
| 082 |
_axxxxx _bxxxxx |
||
| 100 | 1 |
_aGreen, Gerald _968094 |
|
| 245 | 1 | 0 |
_aKarpov“s brain / _cGerald Green. |
| 260 |
_aNew York : _bPericord press _bBantam Books, _c1982. |
||
| 300 |
_a323 p. ; _c18 cm. |
||
| 999 |
_c40914 _d40914 |
||